Multifunkčná športová hala Polhoranka

Uložené v:
Podrobná bibliografia
Hlavný autor: Mikušková, Dominika (Autor)
Ďalší autori: Ingeli, Rastislav (Vedúci práce)
Médium: Rukopis Kniha
Jazyk:Slovak
Vydavateľské údaje: 2025
Predmet:
On-line prístup:http://is.stuba.sk/zp/portal_zp.pl?podrobnosti=181932
CRZP
Tagy: Pridať tag
Žiadne tagy, Buďte prvý, kto otaguje tento záznam!

MARC

LEADER 00000ntm a22000003a 4500
001 stuzp105889
003 SK-STU
005 20250725113052.9
007 ta
008 150427s2015----xo-----f-mn---000-0-slo-d
040 |a STU  |b slo 
041 0 |a slo 
100 1 |a Mikušková, Dominika  |u 010180  |4 aut  |U SvF Stavebná fakulta  |T SvF Katedra konštrukcií pozemných stavieb  |X 103779  |U V180  |Y 18  |7 103779 
242 0 1 |a Multifunctional sports hall Polhoranka  |y eng 
245 1 0 |a Multifunkčná športová hala Polhoranka 
260 |c 2025 
650 4 |a CLT panels  |2 eng 
650 4 |a timber construction  |2 eng 
650 4 |a curtain wall  |2 eng 
650 4 |a lighting assessment  |2 eng 
650 4 |a sports hall  |2 eng 
650 4 |a CLT panely  |2 slo 
650 4 |a drevostavba  |2 slo 
650 4 |a ľahký obvodový plášť  |2 slo 
650 4 |a športová hala  |2 slo 
650 4 |a svetlotechnické posúdenie  |2 slo 
700 1 |a Ingeli, Rastislav  |u 010180  |k Z1  |4 ths  |U SvF Stavebná fakulta  |T SvF Katedra konštrukcií pozemných stavieb  |X 23863  |U V180  |Y 18  |7 A000023863 
856 4 |u http://is.stuba.sk/zp/portal_zp.pl?podrobnosti=181932 
856 4 |u https://opac.crzp.sk/?fn=detailBiblioForm&sid=71F69C32541FA509326078B0024D  |z CRZP